• 首页
  • 本馆介绍
  • 公告通知
  • 最新文献
  • 馆藏检索
  • 电子资源
  • 读者导购
  • 参考咨询
  • 我的图书馆
  • 登录
  • 详细信息显示
  • 放入我的书架
  • 预约/预借图书
  • 作者相关作品
  • 分类相关作品
  • 丛书相关作品
  • 出版社相关作品

书目信息

  • 表格格式
  • 工作单格式
  • 卡片格式
题名:
单片机C语言程序设计实训100例
    
 
作者: 彭伟 编著
分册:  
出版信息: 北京   电子工业出版社  2015
页数: 495页
开本: 26cm
丛书名:
单 册:
中图分类: TP312C , TP368.1
科图分类:
主题词: 单片微型计算机--C语言--程序设计 , 微型计算机
电子资源:
ISBN: 978-7-121-27050-5
000 00865nam0 2200253 450
001 3190
005 20161208111409.46
010    @a978-7-121-27050-5@dCNY77.00
100    @a20151105d2015 em y0chiy50 ea
101 0  @achi
102    @aCN@b110000
105    @ay z 000yy
200 1  @a单片机C语言程序设计实训100例@9dan pian ji C yu yan cheng xu she ji shi xun 100 li@e基于PIC+Proteus仿真@f彭伟编著
205    @a2版
210    @a北京@c电子工业出版社@d2015
215    @a495页@d26cm
330    @a本书编写了100个PIC单片机C语言程序设计案例,提供了所有案例完整的C语言源程序,各案例设计了难易适中的实训目标。
606 0  @a单片微型计算机@xC语言@x程序设计
606 0  @a微型计算机
690    @aTP312C@v5
690    @aTP368.1@v4
701  0 @a彭伟@9peng wei@c(计算机)@4编著
801  0 @aCN@b大连网信软件有限公司图书馆·11@c20161208
905    @aZUCC@dTP312C@e1025=2
    
    单片机C语言程序设计实训100例:基于PIC+Proteus仿真/彭伟编著.-2版.-北京:电子工业出版社,2015
    495页;26cm
    
    
    ISBN 978-7-121-27050-5:CNY77.00
    本书编写了100个PIC单片机C语言程序设计案例,提供了所有案例完整的C语言源程序,各案例设计了难易适中的实训目标。
●
相关链接 在E读中查询图书 在五车中查询图书 在当当中查询图书 在豆瓣中查询图书


正题名:单片机C语言程序设计实训100例     索取号:TP312C/1025=2         预约/预借

序号 登录号 条形码 馆藏地/架位号 状态 备注
1 912694   209126943   第二样本阅览室/ [索取号:TP312C/1025=2] 在馆    
2 912695   209126952   密集书库—计算机科学学院/ [索取号:TP312C/1025=2] 在馆    
3 912696   209126961   第三借阅区/ [索取号:TP312C/1025=2] 在馆    
唐山师范学院图书馆 欢迎您!
大连网信软件有限公司© 版权所有